000 00478cam a2200205ua 4500
001 11805
005 20260515114812.0
008 191108n ii |||gr||||Z||||||eng
020 _a0706928369
040 _cMAIN
041 _aeng
082 _a336
100 _a Hl Bhatia,
_eAuthor.
245 _aPublic Finance
_cBy Hl Bhatia
250 _a10th ed.
260 _aNew Delhi:
_bViks publishing house,
_c1986.
300 _a687p.
653 _aPublic finance
942 _cBK
999 _c10588
_d10588